| 000 | 00726cab a2200253 4500 | ||
|---|---|---|---|
| 001 | ABS45581 | ||
| 008 | 090401t1991 xxu||||| |||| 00| 0 eng d | ||
| 035 | _a(Sirsi) u53824 | ||
| 041 | _aeng | ||
| 100 | _aRyland, D. | ||
| 245 | _aNew way of borrowing | ||
| 260 | _c1991 | ||
| 350 | _a0 | ||
| 490 |
_aEstates Times _v(1122) 29 November 1991, 13(1) |
||
| 520 | _aDiscusses the advantages and disadvantages of participitating and convertible mortgages. | ||
| 650 | _aCOMMERCIAL MORTGAGES | ||
| 650 | _aCONVERTIBLE MORTGAGES | ||
| 650 | _aMORTGAGES | ||
| 650 | _aPARTICIPATION MORTGAGES | ||
| 650 | _aPROPERTY FINANCE | ||
| 690 | _aPROPERTY-PROPERTY FINANCE AND INVESTMENT | ||
| 942 | _n0 | ||
| 948 | _c04/03/1997 | ||
| 999 |
_c33075 _d33075 |
||